000 00627nam a22002297a 4500
003 UA-OsUOA
001 76147
007 ta
008 20110615b un ||||| |||| 00| 0 ukr d
090 _a330.3(075.8)
_bМ74
942 _cBK
040 _aUA-OsUOA
_bukr
_cUA-OsUOA
_dUA-OsUOA
245 _aМоделювання економічної динаміки
_bнавчальний посібник
300 _a276 с.
955 _a2
041 _aukr
080 _a330.3(075.8)
020 _a966-326-177-3
260 _aК.
_bАтіка
_c2006
650 7 _a330 Економіка взагалі
_2UDC
999 _c362452
_d362452